[Event "AUTO-BEG-591"]
[Site "http://www.queenalice.com/game.php?id=1208585"]
[Date "2013.8.16"]
[Round "1"]
[White "Rod_"]
[Black "MFCapi"]
[Result "1-0"]
[WhiteElo "1469"]
[BlackElo "1504"]

1. d3 e5 2. e4 Nc6 3. a3 Nf6 4. Bg5 h6 5. Bxf6 Qxf6 6. Nf3 Bc5 7. Nc3 Ne7 8. Nd5
Nxd5 9. exd5 d6 10. h4 Bg4 11. Be2 O-O 12. Kd2 Bxf2 13. c3 Qf4+ 14. Kc2 Qa4+ 15.
b3 Qb5 16. c4 Qb6 17. h5 Bxf3 18. Bxf3 f5 19. a4 Bd4 20. a5 Qb4 21. Ra2 Qc3+ 22.
Kb1 a6 23. Qc2 Qxc2+ 24. Kxc2 f4 25. Bg4 Rae8 26. b4 Rf6 27. b5 e4 28. Be6+ Kf8
29. dxe4 f3 30. gxf3 Rxf3 31. Ra4 Rc3+ 32. Kd2 Ke7 33. bxa6 bxa6 34. Rf1 Rf8 35.
Rxf8 Kxf8 36. Rb4 Ra3 37. Rb8+ Ke7 38. Rc8 Be3+ 39. Ke2 Bc5 40. Rxc7+ Kf8 41.
Rc8+ Ke7 42. Rg8 1-0

[Event "AUTO-BEG-591"]
[Site "http://www.queenalice.com/game.php?id=1208586"]
[Date "2013.8.16"]
[Round "1"]
[White "MFCapi"]
[Black "Rod_"]
[Result "0-1"]
[WhiteElo "1487"]
[BlackElo "1486"]

1. e4 e5 2. Nf3 Nc6 3. Bc4 Na5 4. Nxe5 Nxc4 5. Nxc4 b6 6. O-O d6 7. d4 Ba6 8.
Re1 Bxc4 9. d5 h6 10. c3 Be7 11. b3 Ba6 12. a4 Bg5 13. Bxg5 Qxg5 14. Nd2 Nf6 15.
Nf3 Qg6 16. Nh4 Qg4 17. Nf5 Qxd1 18. Rexd1 Kf8 19. f3 g6 20. Ne3 h5 21. b4 h4
22. h3 Ke7 23. b5 Bb7 24. c4 a6 25. Kf2 axb5 26. axb5 Rxa1 27. Rxa1 Ra8 28. Rxa8
Bxa8 29. Ng4 Nxg4+ 30. fxg4 g5 31. g3 hxg3+ 32. Kxg3 Kf6 33. Kf3 Ke5 34. Ke3 Bb7
35. Kd3 Kf4 36. Kd4 f6 37. Kd3 Kg3 38. Ke3 Kxh3 39. Kf3 Bc8 0-1

[Event "AUTO-INT-2715"]
[Site "http://www.queenalice.com/game.php?id=1214279"]
[Date "2013.9.4"]
[Round "1"]
[White "TheAvenger"]
[Black "MFCapi"]
[Result "1-0"]
[WhiteElo "1596"]
[BlackElo "1519"]

1. e4 e5 2. f4 exf4 3. Bc4 Nf6 4. d3 d6 5. Bxf4 Bg4 6. Nf3 Bxf3 7. Qxf3 a6 8.
Nc3 Be7 9. O-O O-O 10. Rae1 h6 11. Nd5 Nxd5 12. Bxd5 c6 13. Bb3 Qb6+ 14. Be3 Qc7
15. Qh5 Nd7 16. Bxh6 gxh6 17. Bxf7+ Kg7 18. Qg6+ Kh8 19. Qxh6# 1-0

[Event "AUTO-INT-2715"]
[Site "http://www.queenalice.com/game.php?id=1214295"]
[Date "2013.9.4"]
[Round "1"]
[White "MFCapi"]
[Black "altair"]
[Result "0-1"]
[WhiteElo "1403"]
[BlackElo "1753"]

1. e4 e5 2. Nf3 d6 3. Bc4 h6 4. O-O a6 5. h3 Nf6 6. d3 c6 7. Nc3 Qe7 8. Be3 b5
9. Bb3 a5 10. a4 b4 11. Ne2 Be6 12. Bxe6 Qxe6 13. b3 d5 14. exd5 cxd5 15. Bb6
Nbd7 16. Be3 d4 17. Bd2 Be7 18. Qc1 Nh5 19. Nh2 O-O 20. Qd1 Qg6 21. Ng4 Ndf6 22.
Nxe5 Qf5 0-1

[Event "AUTO-INT-2715"]
[Site "http://www.queenalice.com/game.php?id=1214296"]
[Date "2013.9.4"]
[Round "1"]
[White "altair"]
[Black "MFCapi"]
[Result "1-0"]
[WhiteElo "1749"]
[BlackElo "1407"]

1. e4 e5 2. Nf3 Nc6 3. a3 Nf6 4. d3 h6 5. Nc3 Bc5 6. g3 O-O 7. b4 Bb6 8. Bg2 d6
9. O-O Be6 10. Ne2 a6 11. c4 Nd4 12. Nexd4 Bxd4 13. Nxd4 exd4 14. Bb2 c5 15.
bxc5 dxc5 16. e5 Nd7 17. Bxb7 Rb8 18. Qf3 Nxe5 19. Qe4 Qc7 20. Bd5 Rxb2 21. Rfe1
Bxd5 22. Qxe5 Qxe5 23. Rxe5 1-0

[Event "AUTO-INT-2715"]
[Site "http://www.queenalice.com/game.php?id=1214297"]
[Date "2013.9.4"]
[Round "1"]
[White "MFCapi"]
[Black "ismaelpereira"]
[Result "0-1"]
[WhiteElo "1446"]
[BlackElo "1629"]

1. e4 e5 2. Nf3 Nc6 3. Bc4 h6 4. O-O Nf6 5. a3 Nxe4 6. d3 Nc5 7. Nc3 Be7 8. Be3
O-O 9. Nd5 e4 10. dxe4 Nxe4 11. Nxe7+ Qxe7 12. Nd4 Nxd4 13. Qxd4 d6 14. f3 c5
15. Qxe4 Qxe4 16. fxe4 Bd7 17. Bf4 b5 18. Bd5 Rae8 19. Bxd6 Be6 20. Bxf8 Kxf8
21. Bxe6 Rxe6 0-1

[Event "AUTO-OPEN-3080"]
[Site "http://www.queenalice.com/game.php?id=1217368"]
[Date "2013.9.16"]
[Round "1"]
[White "pomar"]
[Black "MFCapi"]
[Result "1-0"]
[WhiteElo "2041"]
[BlackElo "1506"]

1. f3 d5 2. Kf2 e5 3. e3 Nc6 4. g3 Nf6 5. c4 Bc5 6. cxd5 Nxd5 7. Qb3 b6 8. Bc4
Na5 9. Qd3 Be6 10. Bxd5 Qxd5 11. Qxd5 Bxd5 12. Nc3 Bc6 13. Nge2 O-O-O 14. Rb1
Bb4 15. a3 Bxc3 16. Nxc3 Nc4 17. Ke2 Bb7 18. b3 Na5 19. d3 Ba6 20. Rd1 Rd7 21.
b4 f5 22. bxa5 bxa5 23. Na4 Rhd8 24. Nc5 1-0

[Event "AUTO-OPEN-3080"]
[Site "http://www.queenalice.com/game.php?id=1217369"]
[Date "2013.9.16"]
[Round "1"]
[White "MFCapi"]
[Black "pomar"]
[Result "0-1"]
[WhiteElo "1467"]
[BlackElo "2064"]

1. d4 e6 2. e4 d5 3. e5 c5 4. Bb5+ Nc6 5. Bxc6+ bxc6 6. Nf3 Qb6 7. O-O cxd4 8.
Qxd4 Bc5 9. Qd3 Ba6 10. Qb3 Bxf1 11. Qxb6 axb6 12. Kxf1 Ne7 13. a3 O-O 14. c3
Ng6 15. b4 Be7 16. Be3 c5 17. b5 Ra5 18. a4 Rfa8 19. Nbd2 Rxa4 20. Rxa4 Rxa4 21.
Ke2 f6 22. h3 fxe5 23. Ng5 Nf8 24. Ngf3 e4 25. Ne5 Bf6 26. Bf4 Ra5 0-1